| 000 | 00428nam a22001697a 4500 | ||
|---|---|---|---|
| 003 | MPLRDC | ||
| 005 | 20220104114127.0 | ||
| 008 | 210129b ||||| |||| 00| 0 eng d | ||
| 082 | _a782.861 ZYZ-3 | ||
| 100 | _a姬树明、俞凤斌、吴腾凰编 | ||
| 245 |
_a朱元璋的传说 _c |
||
| 250 | _a一版一刷 | ||
| 260 |
_a _b中国民间文艺出版社 _c1986 |
||
| 300 | _b平 | ||
| 650 | _a | ||
| 942 |
_cBK _o782.861 ZYZ-3 |
||
| 999 |
_c5030 _d5020 |
||